000 00305nam a2200133Ia 4500
005 20260328101447.0
008 260328s9999||||xx |||||||||||||| ||und||
100 _aDabner, David
245 0 _aEdwin Lutyens /
_cDavid Dabner
260 _bRizzoli
300 _a110 p.
650 _aARQUITECTOS
942 _cBK
999 _c8519
_d8519